Tajemné jezero /

Main Author: Binchy, Maeve, 1940-2012
Other Authors: Kučerová, Kristýna, 1968-
Language: Czech
Published: V Praze : Knižní klub, 2001
Edition: Vyd. 1.
Physical Description: 636 s. ; 21 cm
Book
Saved in:
LEADER 01105nam a2200325 a 4500
001 000570138
003 CZ BrMZK
005 20061017090028.0
007 ta
008 000115s2001 xr g f cze d
015 |a cnb000889162 
020 |a 80-242-0530-0 
035 |a (OCoLC)50342595 
040 |a BOA001  |b cze 
041 1 |a cze  |h eng 
072 7 |a 821.111-3  |x Anglická próza, anglicky psaná  |2 Konspekt  |9 25 
080 |a 821.111(415)-31  |2 MRF 
080 |a (0:82-31)  |2 MRF 
100 1 |a Binchy, Maeve,  |d 1940-2012  |7 jn19990000810  |4 aut 
245 1 0 |a Tajemné jezero /  |c Maeve Binchy ; [z anglického originálu přeložila Kristýna Kučerová] 
250 |a Vyd. 1. 
260 |a V Praze :  |b Knižní klub,  |c 2001 
300 |a 636 s. ;  |c 21 cm 
500 |a Vydala Euromedia Group 
655 7 |a irské romány (anglicky)  |7 fd132475  |2 czenas 
700 1 |a Kučerová, Kristýna,  |d 1968-  |7 ola2004235548  |4 trl 
765 0 |t <<The >>glass lake  |9 Česky 
910 |a BOA001  |b 2-1090.621 
990 |a BK 
996 6 |b 2610143106  |c 2-1090.621  |l MZK  |r Sklad / do 1 hodiny  |n 8  |p p.v.  |w 000570138  |u 000010  |a 1  |e BOA001  |j MZK50  |s P